[Event "WCO 2016"]
[Site "?"]
[Date "2016.09.13"]
[Round "11"]
[Board "22"]
[WhiteID "3400042"]
[White "Vasquez Schroeder Rodrigo"]
[BlackID "12539929"]
[Black "Maghsoodloo Parham"]
[Result "0-1"]
[BlackElo "2566"]
[WhiteElo "2546"]
[LiveChessVersion "1.4.8"]

1. e4 {[%clk 1:30:54]} c5 {[%clk 1:28:20]} 2. Nf3 {[%clk 1:31:18]} d6
{[%clk 1:28:47]} 3. Bb5+ {[%clk 1:31:29]} Nd7 {[%clk 1:29:09]} 4. O-O
{[%clk 1:30:32]} Ngf6 {[%clk 1:29:30]} 5. Re1 {[%clk 1:30:16]} a6
{[%clk 1:28:16]} 6. Bd3 {[%clk 1:27:13]} b5 {[%clk 1:11:39]} 7. c3
{[%clk 1:25:12]} Bb7 {[%clk 1:10:04]} 8. Bc2 {[%clk 1:25:29]} e5 {[%clk 1:09:37]}
9. d4 {[%clk 1:25:50]} Be7 {[%clk 1:09:55]} 10. d5 {[%clk 1:24:56]} c4
{[%clk 1:05:15]} 11. b4 {[%clk 1:20:00]} O-O {[%clk 0:54:01]} 12. a4
{[%clk 1:18:15]} Nb6 {[%clk 0:54:25]} 13. Na3 {[%clk 1:06:48]} Qd7
{[%clk 0:53:38]} 14. Be3 {[%clk 1:06:29]} Nxa4 {[%clk 0:47:45]} 15. Bxa4
{[%clk 1:05:54]} Nxe4 {[%clk 0:48:13]} 16. Bc2 {[%clk 0:27:08]} Nxc3
{[%clk 0:48:16]} 17. Bxh7+ {[%clk 0:26:56]} Kxh7 {[%clk 0:48:37]} 18. Qc2+
{[%clk 0:27:23]} Kg8 {[%clk 0:48:52]} 19. Qxc3 {[%clk 0:27:45]} Bxd5
{[%clk 0:49:16]} 20. Bb6 {[%clk 0:24:08]} Qb7 {[%clk 0:43:03]} 21. Ba5
{[%clk 0:24:11]} f5 {[%clk 0:40:16]} 22. Red1 {[%clk 0:21:33]} Rf6
{[%clk 0:37:41]} 23. Nc2 {[%clk 0:16:56]} Rg6 {[%clk 0:35:56]} 24. Nce1
{[%clk 0:14:00]} Re8 {[%clk 0:33:40]} 25. Ra2 {[%clk 0:13:58]} f4
{[%clk 0:29:51]} 26. h3 {[%clk 0:11:50]} Re6 {[%clk 0:23:18]} 27. Nh2
{[%clk 0:10:41]} Bc6 {[%clk 0:22:27]} 28. Qc2 {[%clk 0:08:38]} Rf8
{[%clk 0:19:51]} 29. Nef3 {[%clk 0:08:30]} Be4 {[%clk 0:19:36]} 30. Qe2
{[%clk 0:08:49]} d5 {[%clk 0:18:47]} 31. Ng4 {[%clk 0:05:27]} Rf5
{[%clk 0:18:08]} 32. Qe1 {[%clk 0:04:24]} d4 {[%clk 0:15:56]} 33. Ngh2
{[%clk 0:03:04]} d3 {[%clk 0:14:31]} 34. Rc1 {[%clk 0:02:08]} Bd5
{[%clk 0:13:53]} 35. Ra3 {[%clk 0:02:00]} Bf6 {[%clk 0:13:31]} 36. Qd1
{[%clk 0:01:02]} e4 {[%clk 0:13:54]} 37. Nh4 {[%clk 0:00:52]} Bxh4
{[%clk 0:14:02]} 38. Qg4 {[%clk 0:01:21]} Bxf2+ {[%clk 0:12:55]} 39. Kxf2
{[%clk 0:01:47]} e3+ {[%clk 0:12:57]} 40. Kg1 {[%clk 0:31:48]} d2
{[%clk 0:42:33]} 41. Raa1 {[%clk 0:31:41]} Qf7 {[%clk 0:41:22]} 0-1

[Event "WCO 2016"]
[Site "?"]
[Date "2016.09.13"]
[Round "11"]
[Board "23"]
[WhiteID "12521604"]
[White "Lorparizangeneh Shahin"]
[BlackID "3409350"]
[Black "Henriquez Villagra Cristobal"]
[Result "1/2-1/2"]
[BlackElo "2508"]
[WhiteElo "2478"]
[LiveChessVersion "1.4.8"]

1. Nf3 {[%clk 1:30:39]} c5 {[%clk 1:30:25]} 2. c4 {[%clk 1:30:43]} Nc6
{[%clk 1:30:43]} 3. d4 {[%clk 1:30:43]} cxd4 {[%clk 1:31:04]} 4. Nxd4
{[%clk 1:31:09]} g6 {[%clk 1:31:12]} 5. e4 {[%clk 1:31:06]} Bg7 {[%clk 1:29:41]}
6. Be3 {[%clk 1:31:27]} Nf6 {[%clk 1:28:14]} 7. Nc3 {[%clk 1:31:52]} d6
{[%clk 1:28:27]} 8. Be2 {[%clk 1:32:09]} O-O {[%clk 1:28:39]} 9. O-O
{[%clk 1:32:32]} Bd7 {[%clk 1:28:37]} 10. f3 {[%clk 1:31:09]} Nxd4
{[%clk 1:27:22]} 11. Bxd4 {[%clk 1:31:32]} a5 {[%clk 1:27:44]} 12. b3
{[%clk 1:30:40]} Bc6 {[%clk 1:27:24]} 13. Qd2 {[%clk 1:31:00]} Nd7
{[%clk 1:27:45]} 14. Be3 {[%clk 1:31:22]} Nc5 {[%clk 1:28:05]} 15. Rab1
{[%clk 1:31:34]} Qb6 {[%clk 1:27:09]} 16. Rfc1 {[%clk 1:31:55]} Rfc8
{[%clk 1:25:58]} 17. Rc2 {[%clk 1:31:44]} Be5 {[%clk 1:17:09]} 18. Bf1
{[%clk 1:22:12]} Qd8 {[%clk 1:14:25]} 19. Nd1 {[%clk 1:21:02]} Qf8
{[%clk 1:02:04]} 20. Nf2 {[%clk 0:59:59]} Bg7 {[%clk 1:01:58]} 21. a3
{[%clk 0:53:35]} a4 {[%clk 0:50:28]} 22. b4 {[%clk 0:51:58]} Nb3 {[%clk 0:50:52]}
23. Qd1 {[%clk 0:49:34]} Qe8 {[%clk 0:49:52]} 24. Qd3 {[%clk 0:40:04]} Bd7
{[%clk 0:47:36]} 25. Bb6 {[%clk 0:22:28]} Rc6 {[%clk 0:40:21]} 26. Be3
{[%clk 0:19:54]} Be6 {[%clk 0:33:16]} 27. b5 {[%clk 0:19:19]} Rc7
{[%clk 0:29:27]} 28. Bb6 {[%clk 0:17:26]} Nc5 {[%clk 0:29:13]} 29. Qe3
{[%clk 0:12:26]} Rcc8 {[%clk 0:29:33]} 30. Nd1 {[%clk 0:09:45]} Nd7
{[%clk 0:18:52]} 31. Bd4 {[%clk 0:10:02]} Qd8 {[%clk 0:18:58]} 32. Bxg7
{[%clk 0:08:29]} Kxg7 {[%clk 0:19:22]} 33. Qd4+ {[%clk 0:08:38]} f6
{[%clk 0:19:48]} 34. Rb4 {[%clk 0:05:10]} Qb6 {[%clk 0:17:53]} 35. Qxb6
{[%clk 0:05:23]} Nxb6 {[%clk 0:18:22]} 36. Nb2 {[%clk 0:05:26]} f5
{[%clk 0:18:16]} 37. Bd3 {[%clk 0:04:37]} Kf6 {[%clk 0:08:18]} 38. Kf2
{[%clk 0:04:47]} f4 {[%clk 0:03:11]} 1/2-1/2

[Event "WCO 2016"]
[Site "?"]
[Date "2016.09.13"]
[Round "11"]
[Board "24"]
[WhiteID "3406342"]
[White "Perez Gormaz Matias"]
[BlackID "12513342"]
[Black "Gholami Aryan"]
[Result "0-1"]
[BlackElo "2435"]
[WhiteElo "2444"]
[LiveChessVersion "1.4.8"]

1. e4 {[%clk 1:30:39]} c5 {[%clk 1:30:50]} 2. Nf3 {[%clk 1:30:59]} e6
{[%clk 1:30:52]} 3. d4 {[%clk 1:30:33]} cxd4 {[%clk 1:31:00]} 4. Nxd4
{[%clk 1:30:54]} a6 {[%clk 1:31:20]} 5. Be2 {[%clk 1:31:12]} Nf6 {[%clk 1:29:34]}
6. Nc3 {[%clk 1:31:31]} Qc7 {[%clk 1:28:48]} 7. O-O {[%clk 1:31:48]} Bc5
{[%clk 1:22:29]} 8. Kh1 {[%clk 1:31:24]} d6 {[%clk 1:17:58]} 9. Bg5
{[%clk 1:14:09]} Nbd7 {[%clk 1:14:38]} 10. f4 {[%clk 1:13:23]} b5
{[%clk 1:08:32]} 11. f5 {[%clk 0:58:37]} Bxd4 {[%clk 0:37:07]} 12. Qxd4
{[%clk 0:59:00]} e5 {[%clk 0:36:49]} 13. Qb4 {[%clk 0:49:59]} Qc5
{[%clk 0:26:50]} 14. Qxc5 {[%clk 0:32:56]} dxc5 {[%clk 0:26:45]} 15. Rfd1
{[%clk 0:30:45]} Bb7 {[%clk 0:23:33]} 16. a4 {[%clk 0:30:36]} b4 {[%clk 0:22:16]}
17. Nd5 {[%clk 0:31:02]} Bxd5 {[%clk 0:21:15]} 18. exd5 {[%clk 0:28:37]} Ne4
{[%clk 0:21:38]} 19. Be3 {[%clk 0:27:06]} Nd6 {[%clk 0:21:57]} 20. g4
{[%clk 0:21:46]} Ke7 {[%clk 0:21:16]} 21. Kg2 {[%clk 0:18:24]} a5
{[%clk 0:20:07]} 22. b3 {[%clk 0:06:24]} Rhc8 {[%clk 0:19:16]} 23. c4
{[%clk 0:01:50]} bxc3 {[%clk 0:08:33]} 24. Rac1 {[%clk 0:02:15]} c4
{[%clk 0:07:54]} 25. bxc4 {[%clk 0:01:53]} Nxc4 {[%clk 0:08:13]} 26. Rxc3
{[%clk 0:02:18]} Nxe3+ {[%clk 0:08:09]} 27. Rxe3 {[%clk 0:02:47]} Kd6
{[%clk 0:08:15]} 28. Bb5 {[%clk 0:02:34]} Rc2+ {[%clk 0:06:04]} 29. Re2
{[%clk 0:01:15]} Rxe2+ {[%clk 0:05:13]} 30. Bxe2 {[%clk 0:01:41]} Rc8
{[%clk 0:05:31]} 31. Rb1 {[%clk 0:00:40]} Rb8 {[%clk 0:04:12]} 32. Bb5
{[%clk 0:00:32]} Nf6 {[%clk 0:04:29]} 33. Rc1 {[%clk 0:00:50]} Nxg4
{[%clk 0:02:16]} 34. Rc6+ {[%clk 0:00:38]} Kxd5 {[%clk 0:02:40]} 35. Ra6
{[%clk 0:00:46]} Ne3+ {[%clk 0:02:36]} 36. Kf2 {[%clk 0:01:08]} Nxf5
{[%clk 0:02:25]} 37. Rxa5 {[%clk 0:01:36]} Nd6 {[%clk 0:01:57]} 38. Bd7+
{[%clk 0:01:14]} Kd4 {[%clk 0:01:21]} 39. Bc6 {[%clk 0:01:41]} Ne4+
{[%clk 0:01:11]} 40. Kg1 {[%clk 0:31:52]} Rb1+ {[%clk 0:31:25]} 41. Kg2
{[%clk 0:32:22]} Rb2+ {[%clk 0:30:48]} 42. Kg1 {[%clk 0:32:47]} Nc3
{[%clk 0:27:59]} 43. Ra7 {[%clk 0:32:52]} Ne2+ {[%clk 0:25:00]} 44. Kf1
{[%clk 0:33:16]} Ke3 {[%clk 0:25:18]} 45. h4 {[%clk 0:30:04]} f5 {[%clk 0:22:26]}
46. Rxg7 {[%clk 0:30:32]} Rb1+ {[%clk 0:22:51]} 0-1

[Event "WCO 2016"]
[Site "?"]
[Date "2016.09.13"]
[Round "11"]
[Board "26"]
[WhiteID "3700488"]
[White "Bachmann Axel"]
[BlackID "4692055"]
[Black "Bogner Sebastian"]
[Result "1/2-1/2"]
[BlackElo "2559"]
[WhiteElo "2641"]
[LiveChessVersion "1.4.8"]

1. e4 {[%clk 1:21:12]} c5 {[%clk 1:30:53]} 2. Nf3 {[%clk 1:21:38]} d6
{[%clk 1:30:46]} 3. Bb5+ {[%clk 1:21:43]} Nd7 {[%clk 1:31:09]} 4. c3
{[%clk 1:22:06]} Ngf6 {[%clk 1:31:13]} 5. Qe2 {[%clk 1:22:27]} a6
{[%clk 1:31:36]} 6. Ba4 {[%clk 1:22:53]} b5 {[%clk 1:30:56]} 7. Bc2
{[%clk 1:23:00]} Bb7 {[%clk 1:31:22]} 8. O-O {[%clk 1:23:11]} e5 {[%clk 1:24:18]}
9. a4 {[%clk 1:23:36]} Be7 {[%clk 1:21:52]} 10. d3 {[%clk 1:23:10]} O-O
{[%clk 1:22:13]} 11. Bg5 {[%clk 1:23:28]} h6 {[%clk 1:20:07]} 12. Bh4
{[%clk 1:22:14]} Nh5 {[%clk 1:17:52]} 13. Bxe7 {[%clk 1:22:18]} Qxe7
{[%clk 1:18:20]} 14. Nbd2 {[%clk 1:22:33]} Nf4 {[%clk 1:18:26]} 15. Qd1
{[%clk 1:22:32]} f5 {[%clk 1:10:57]} 16. axb5 {[%clk 1:22:06]} fxe4
{[%clk 1:10:10]} 17. dxe4 {[%clk 1:21:45]} axb5 {[%clk 1:10:35]} 18. Rxa8
{[%clk 1:22:12]} Bxa8 {[%clk 1:08:12]} 19. g3 {[%clk 1:22:37]} Nh3+
{[%clk 0:59:27]} 20. Kg2 {[%clk 1:22:20]} Qe6 {[%clk 0:58:45]} 21. Ng1
{[%clk 1:21:56]} Nxg1 {[%clk 0:57:54]} 22. Kxg1 {[%clk 1:22:08]} Bc6
{[%clk 0:54:22]} 23. Kh1 {[%clk 1:22:12]} Kh8 {[%clk 0:54:51]} 24. Kg1
{[%clk 1:22:35]} Kg8 {[%clk 0:55:19]} 25. Kh1 {[%clk 1:22:59]} Kh8
{[%clk 0:55:47]} 26. Kg1 {[%clk 1:23:23]} 1/2-1/2

[Event "WCO 2016"]
[Site "?"]
[Date "2016.09.13"]
[Round "11"]
[Board "27"]
[WhiteID "1300113"]
[White "Georgiadis Nico"]
[BlackID "3700267"]
[Black "Cubas Jose Fernando"]
[Result "0-1"]
[BlackElo "2470"]
[WhiteElo "2475"]
[LiveChessVersion "1.4.8"]

1. e4 {[%clk 1:30:57]} e6 {[%clk 1:30:07]} 2. d4 {[%clk 1:31:19]} d5
{[%clk 1:30:32]} 3. Nc3 {[%clk 1:31:41]} Nf6 {[%clk 1:30:57]} 4. Bg5
{[%clk 1:32:03]} Be7 {[%clk 1:30:06]} 5. e5 {[%clk 1:32:25]} Nfd7
{[%clk 1:30:31]} 6. h4 {[%clk 1:32:48]} h6 {[%clk 1:28:27]} 7. Be3
{[%clk 1:27:21]} c5 {[%clk 1:28:32]} 8. Qg4 {[%clk 1:27:40]} g6 {[%clk 1:28:47]}
9. Nf3 {[%clk 1:26:41]} cxd4 {[%clk 1:22:44]} 10. Bxd4 {[%clk 1:27:01]} Nc6
{[%clk 1:22:56]} 11. O-O-O {[%clk 1:26:30]} Nxd4 {[%clk 1:20:15]} 12. Rxd4
{[%clk 1:22:50]} a6 {[%clk 1:12:55]} 13. Kb1 {[%clk 1:09:03]} Nc5
{[%clk 1:00:57]} 14. Qf4 {[%clk 0:55:42]} Bd7 {[%clk 0:56:35]} 15. Rd1
{[%clk 0:50:04]} Qc7 {[%clk 0:50:49]} 16. Rh3 {[%clk 0:40:29]} b5
{[%clk 0:42:56]} 17. a3 {[%clk 0:39:55]} Rb8 {[%clk 0:39:15]} 18. Nd4
{[%clk 0:36:03]} b4 {[%clk 0:37:22]} 19. axb4 {[%clk 0:34:46]} Rxb4
{[%clk 0:37:39]} 20. Rf3 {[%clk 0:32:04]} Rf8 {[%clk 0:37:33]} 21. b3
{[%clk 0:09:13]} Qb8 {[%clk 0:31:35]} 22. Na2 {[%clk 0:01:52]} Rb6
{[%clk 0:30:50]} 23. Qxh6 {[%clk 0:01:11]} Qxe5 {[%clk 0:27:57]} 24. Re3
{[%clk 0:00:45]} Qf6 {[%clk 0:27:45]} 25. Rf3 {[%clk 0:00:51]} Qxh4
{[%clk 0:25:45]} 26. Qxh4 {[%clk 0:01:14]} Bxh4 {[%clk 0:26:11]} 27. c4
{[%clk 0:01:07]} dxc4 {[%clk 0:21:34]} 28. Bxc4 {[%clk 0:01:34]} Ke7
{[%clk 0:21:47]} 29. Nc3 {[%clk 0:01:38]} Rfb8 {[%clk 0:20:24]} 30. Kc2
{[%clk 0:01:13]} Bf6 {[%clk 0:17:07]} 31. Re3 {[%clk 0:00:51]} Kf8
{[%clk 0:17:35]} 32. g3 {[%clk 0:00:33]} e5 {[%clk 0:13:45]} 33. Nf3
{[%clk 0:00:42]} Bf5+ {[%clk 0:14:05]} 34. Kb2 {[%clk 0:00:57]} Nxb3
{[%clk 0:13:13]} 35. Nd5 {[%clk 0:01:20]} Na5+ {[%clk 0:12:38]} 0-1

[Event "WCO 2016"]
[Site "?"]
[Date "2016.09.13"]
[Round "11"]
[Board "28"]
[WhiteID "3701107"]
[White "Latorre Matias"]
[BlackID "1301764"]
[Black "Forster Richard"]
[Result "1-0"]
[BlackElo "2459"]
[WhiteElo "2318"]
[LiveChessVersion "1.4.8"]

1. d4 {[%clk 1:30:57]} Nf6 {[%clk 1:30:48]} 2. Bf4 {[%clk 1:31:10]} g6
{[%clk 1:29:12]} 3. Nc3 {[%clk 1:31:31]} d6 {[%clk 1:26:08]} 4. e4
{[%clk 1:31:42]} Bg7 {[%clk 1:22:28]} 5. Qd2 {[%clk 1:32:08]} c6 {[%clk 1:20:41]}
6. Bh6 {[%clk 1:31:57]} Bxh6 {[%clk 1:08:45]} 7. Qxh6 {[%clk 1:32:21]} Qa5
{[%clk 1:09:02]} 8. Bd3 {[%clk 1:28:35]} b5 {[%clk 1:05:29]} 9. Nf3
{[%clk 1:24:13]} b4 {[%clk 1:00:19]} 10. Ne2 {[%clk 1:23:48]} Bg4
{[%clk 0:55:32]} 11. Ng5 {[%clk 1:04:13]} Bxe2 {[%clk 0:54:21]} 12. Bxe2
{[%clk 1:00:15]} Nbd7 {[%clk 0:54:44]} 13. O-O {[%clk 0:59:36]} Rf8
{[%clk 0:37:28]} 14. a3 {[%clk 0:34:12]} c5 {[%clk 0:31:03]} 15. e5
{[%clk 0:23:15]} dxe5 {[%clk 0:29:46]} 16. dxe5 {[%clk 0:23:42]} Nxe5
{[%clk 0:29:25]} 17. Nxh7 {[%clk 0:18:37]} Nxh7 {[%clk 0:28:54]} 18. Qxh7
{[%clk 0:19:06]} Rd8 {[%clk 0:23:00]} 19. Qh3 {[%clk 0:11:59]} Qb6
{[%clk 0:14:44]} 20. Rfd1 {[%clk 0:10:18]} g5 {[%clk 0:08:44]} 21. Qe3
{[%clk 0:09:31]} Nc6 {[%clk 0:04:12]} 22. axb4 {[%clk 0:08:26]} Nxb4
{[%clk 0:04:03]} 23. c3 {[%clk 0:07:12]} Rxd1+ {[%clk 0:04:15]} 24. Rxd1
{[%clk 0:07:37]} Nc6 {[%clk 0:04:35]} 25. Qxg5 {[%clk 0:06:51]} Rh8
{[%clk 0:04:33]} 26. Qg7 {[%clk 0:06:42]} Rf8 {[%clk 0:04:55]} 27. Bg4
{[%clk 0:05:38]} Nb8 {[%clk 0:03:59]} 28. h4 {[%clk 0:05:44]} e6 {[%clk 0:02:30]}
29. h5 {[%clk 0:05:05]} f5 {[%clk 0:01:49]} 30. Bf3 {[%clk 0:03:46]} Rf7
{[%clk 0:02:07]} 31. Qg8+ {[%clk 0:04:09]} Rf8 {[%clk 0:02:04]} 32. Qg6+
{[%clk 0:04:31]} Ke7 {[%clk 0:02:11]} 33. Qg5+ {[%clk 0:04:03]} Rf6
{[%clk 0:02:11]} 34. h6 {[%clk 0:04:00]} Qc7 {[%clk 0:01:12]} 35. h7
{[%clk 0:03:23]} Qc8 {[%clk 0:01:34]} 36. Qg7+ {[%clk 0:03:31]} Rf7
{[%clk 0:01:56]} 37. h8=Q {[%clk 0:03:43]} 1-0

[Event "WCO 2016"]
[Site "?"]
[Date "2016.09.13"]
[Round "11"]
[Board "29"]
[WhiteID "1610856"]
[White "Ragger Markus"]
[BlackID "2107139"]
[Black "Fier Alexandr"]
[Result "1/2-1/2"]
[BlackElo "2634"]
[WhiteElo "2697"]
[LiveChessVersion "1.4.8"]

1. d4 {[%clk 1:30:59]} Nf6 {[%clk 1:30:56]} 2. c4 {[%clk 1:31:26]} g6
{[%clk 1:31:23]} 3. Nc3 {[%clk 1:31:53]} d5 {[%clk 1:31:49]} 4. cxd5
{[%clk 1:32:19]} Nxd5 {[%clk 1:32:15]} 5. e4 {[%clk 1:32:44]} Nxc3
{[%clk 1:32:42]} 6. bxc3 {[%clk 1:33:12]} Bg7 {[%clk 1:33:07]} 7. Nf3
{[%clk 1:33:32]} c5 {[%clk 1:33:34]} 8. Rb1 {[%clk 1:33:59]} O-O {[%clk 1:32:49]}
9. Be2 {[%clk 1:34:23]} cxd4 {[%clk 1:33:17]} 10. cxd4 {[%clk 1:34:45]} Qa5+
{[%clk 1:33:45]} 11. Bd2 {[%clk 1:35:05]} Qxa2 {[%clk 1:34:11]} 12. O-O
{[%clk 1:35:28]} b6 {[%clk 1:34:40]} 13. Qc1 {[%clk 1:35:44]} Bb7
{[%clk 1:35:05]} 14. Bc4 {[%clk 1:35:22]} Qa4 {[%clk 1:35:31]} 15. Bb5
{[%clk 1:35:35]} Qa2 {[%clk 1:35:59]} 16. Bc4 {[%clk 1:34:49]} Qa4
{[%clk 1:36:25]} 17. Bb5 {[%clk 1:35:16]} Qa2 {[%clk 1:36:51]} 18. Re1
{[%clk 1:35:33]} Rc8 {[%clk 1:37:17]} 19. Qd1 {[%clk 1:35:57]} Qc2
{[%clk 1:37:44]} 20. Qe2 {[%clk 1:33:08]} Nc6 {[%clk 1:38:05]} 21. Bd3
{[%clk 1:10:28]} Qa2 {[%clk 1:38:28]} 22. Bc4 {[%clk 1:07:27]} Qa4
{[%clk 1:38:56]} 23. Bb5 {[%clk 1:03:24]} Qc2 {[%clk 1:39:22]} 24. Bd3
{[%clk 0:59:36]} Qa2 {[%clk 1:39:45]} 25. Bc4 {[%clk 0:59:49]} Qa4
{[%clk 1:40:13]} 26. Bb5 {[%clk 0:43:48]} Qc2 1/2-1/2

[Event "WCO 2016"]
[Site "?"]
[Date "2016.09.13"]
[Round "11"]
[Board "30"]
[WhiteID "2101246"]
[White "Leitao Rafael"]
[BlackID "13601270"]
[Black "Shengelia David"]
[Result "1-0"]
[BlackElo "2573"]
[WhiteElo "2616"]
[LiveChessVersion "1.4.8"]

1. d4 {[%clk 1:30:55]} Nf6 {[%clk 1:30:55]} 2. c4 {[%clk 1:31:14]} e6
{[%clk 1:31:17]} 3. Nf3 {[%clk 1:31:07]} d5 {[%clk 1:31:30]} 4. Nc3
{[%clk 1:31:06]} Bb4 {[%clk 1:31:46]} 5. Qa4+ {[%clk 1:28:06]} Nc6
{[%clk 1:31:21]} 6. e3 {[%clk 1:28:30]} O-O {[%clk 1:31:26]} 7. Qc2
{[%clk 1:27:04]} Re8 {[%clk 1:29:35]} 8. Bd2 {[%clk 1:26:16]} a6 {[%clk 1:29:06]}
9. a3 {[%clk 1:20:21]} Bd6 {[%clk 1:26:15]} 10. Bd3 {[%clk 1:19:38]} dxc4
{[%clk 0:45:49]} 11. Bxc4 {[%clk 1:20:00]} h6 {[%clk 0:43:20]} 12. O-O
{[%clk 0:38:32]} e5 {[%clk 0:35:41]} 13. h3 {[%clk 0:38:33]} e4 {[%clk 0:18:56]}
14. Ne1 {[%clk 0:38:18]} Bf5 {[%clk 0:17:13]} 15. f3 {[%clk 0:33:41]} Bg6
{[%clk 0:06:06]} 16. Nxe4 {[%clk 0:25:11]} Nxe4 {[%clk 0:05:45]} 17. fxe4
{[%clk 0:25:36]} Bxe4 {[%clk 0:06:02]} 18. Bxf7+ {[%clk 0:24:57]} Kh8
{[%clk 0:06:29]} 19. Qb3 {[%clk 0:19:53]} Rf8 {[%clk 0:06:54]} 20. Nf3
{[%clk 0:18:04]} Ne7 {[%clk 0:04:37]} 21. Bb4 {[%clk 0:16:12]} Nd5
{[%clk 0:02:34]} 22. Bxd6 {[%clk 0:09:09]} Rxf7 {[%clk 0:01:53]} 23. Bf4
{[%clk 0:09:21]} Bxf3 {[%clk 0:01:18]} 24. Rxf3 {[%clk 0:09:41]} Qd7
{[%clk 0:01:40]} 25. Raf1 {[%clk 0:06:54]} Raf8 {[%clk 0:01:59]} 26. Be5
{[%clk 0:06:47]} Rxf3 {[%clk 0:01:24]} 27. Rxf3 {[%clk 0:07:12]} Rxf3
{[%clk 0:01:44]} 28. gxf3 {[%clk 0:07:38]} c6 {[%clk 0:02:09]} 29. e4
{[%clk 0:06:50]} Nf6 {[%clk 0:02:36]} 30. Bxf6 {[%clk 0:04:15]} gxf6
{[%clk 0:03:03]} 31. Qb4 {[%clk 0:04:31]} Kg7 {[%clk 0:02:44]} 32. Kg2
{[%clk 0:04:44]} h5 {[%clk 0:01:07]} 33. h4 {[%clk 0:04:26]} Kg6 {[%clk 0:01:18]}
34. Qc5 {[%clk 0:04:19]} Qe6 {[%clk 0:01:29]} 35. Kg3 {[%clk 0:04:20]} Qb3
{[%clk 0:01:31]} 36. Qf5+ {[%clk 0:04:21]} Kg7 {[%clk 0:02:00]} 37. Qd7+
{[%clk 0:02:54]} Kg8 {[%clk 0:01:39]} 38. Qe8+ {[%clk 0:02:12]} Kg7
{[%clk 0:02:08]} 39. Qe7+ {[%clk 0:01:35]} Kg6 {[%clk 0:02:26]} 40. e5
{[%clk 0:30:48]} fxe5 {[%clk 0:32:35]} 41. Qg5+ {[%clk 0:30:55]} Kf7
{[%clk 0:30:37]} 42. Qxh5+ {[%clk 0:30:18]} Kf8 {[%clk 0:31:01]} 43. Qf5+
{[%clk 0:30:27]} Kg8 {[%clk 0:31:24]} 44. Qg6+ {[%clk 0:29:13]} Kf8
{[%clk 0:29:41]} 45. dxe5 {[%clk 0:13:24]} Qxb2 {[%clk 0:29:45]} 46. e6
{[%clk 0:13:09]} Ke7 {[%clk 0:27:15]} 47. Qf7+ {[%clk 0:10:27]} Kd6
{[%clk 0:27:38]} 48. Qd7+ {[%clk 0:10:52]} Kc5 {[%clk 0:28:06]} 49. h5
{[%clk 0:09:24]} a5 {[%clk 0:24:26]} 50. e7 {[%clk 0:07:34]} Qe5+
{[%clk 0:23:40]} 51. Kg4 {[%clk 0:07:55]} Qg7+ {[%clk 0:23:58]} 52. Kh3
{[%clk 0:08:19]} Qf6 {[%clk 0:23:21]} 53. e8=Q {[%clk 0:08:02]} Qxf3+
{[%clk 0:23:47]} 54. Kh4 {[%clk 0:08:28]} 1-0

[Event "WCO 2016"]
[Site "?"]
[Date "2016.09.13"]
[Round "11"]
[Board "31"]
[WhiteID "1613880"]
[White "Kreisl Robert"]
[BlackID "2106981"]
[Black "El Debs Felipe de Cresce"]
[Result "1/2-1/2"]
[BlackElo "2523"]
[WhiteElo "2448"]
[LiveChessVersion "1.4.8"]

1. d4 {[%clk 1:30:57]} Nf6 {[%clk 1:30:51]} 2. c4 {[%clk 1:31:24]} e6
{[%clk 1:31:15]} 3. Nf3 {[%clk 1:31:51]} b6 {[%clk 1:31:36]} 4. g3
{[%clk 1:32:06]} Ba6 {[%clk 1:32:00]} 5. b3 {[%clk 1:32:32]} Bb7 {[%clk 1:31:48]}
6. Bg2 {[%clk 1:32:57]} Bb4+ {[%clk 1:32:11]} 7. Bd2 {[%clk 1:33:23]} a5
{[%clk 1:32:34]} 8. O-O {[%clk 1:28:15]} O-O {[%clk 1:32:43]} 9. Nc3
{[%clk 1:28:33]} Re8 {[%clk 1:32:31]} 10. Qc2 {[%clk 1:19:16]} d6
{[%clk 1:30:59]} 11. Rfe1 {[%clk 1:18:39]} Bxc3 {[%clk 1:31:15]} 12. Bxc3
{[%clk 1:19:05]} Be4 {[%clk 1:31:32]} 13. Qb2 {[%clk 1:19:15]} Nbd7
{[%clk 1:30:06]} 14. Bf1 {[%clk 1:16:39]} Bb7 {[%clk 1:11:11]} 15. Qc2
{[%clk 1:09:20]} Be4 {[%clk 1:10:13]} 16. Qb2 {[%clk 1:04:21]} Bb7
{[%clk 1:10:34]} 17. Qc2 {[%clk 0:56:57]} Be4 {[%clk 1:10:56]} 18. Qb2 1/2-1/2